Taiwan jiao yu she hui xue yan jiu

臺灣教育社會學硏究.
Bibliographic Details
Corporate Author: Taiwan jiao yu she hui xue xue hui
Format: Electronic Journal
Language:Chinese
English
Published: Taibei : Taiwan jiao yu she hui xue xue hui, [2001]-
Subjects:
Online Access:Full text available from Research Library: 06/01/2015 to present

MARC

LEADER 00000nas a2200000 i 4500
001 ssj0001736650
003 WaSeSS
005 20200512172242.0
006 m d
007 cr n
008 030107c20019999ch fr p s 0 0chi c
010 |a  2018234676 
022 |l 1680-2004  |y 1680-2004 
035 |a (WaSeSS)ssj0001736650 
040 |a COO  |b eng  |e pn  |c COO  |d OCLCO  |d CUS  |d OCLCF  |d UX1  |d U3W  |d OCLCA  |d HUL  |d OCLCQ  |d WaSeSS 
041 0 |a chi  |a eng 
042 |a pcc 
043 |a a-ch--- 
050 1 4 |a LC191.8.T28  |b T35 
245 0 0 |6 880-01  |a Taiwan jiao yu she hui xue yan jiu  |h [electronic resource]. 
246 1 1 |a Taiwan journal of sociology of education 
260 |6 880-02  |a Taibei :  |b Taiwan jiao yu she hui xue xue hui,  |c [2001]- 
310 |a Semiannual 
362 1 |a Began in June 2001. 
506 |a License restrictions may limit access. 
515 |6 880-03  |a Di juan di 1 qi (Min 90 nian 6 yue [June 2001]) called also Chuang kan hao. 
546 |a Chinese and English. 
588 |6 880-04  |a Description based on: Di 1 juan di 1 qi (Min 90 nian 6 yue [June 2001]); title from journal cover image (Guo jia tu shu guan qi kan wen xian zi xun wang, viewed May 9, 2018). 
588 |6 880-05  |a Latest issue consulted: Di 17 juan di 2 qi (Dec. 2017) (publisher's Web site, viewed May 9, 2018). 
650 0 |a Educational sociology  |z Taiwan  |v Periodicals. 
650 0 |a Education  |x Social aspects  |z Taiwan  |v Periodicals. 
650 7 |a Education  |x Social aspects.  |2 fast  |0 (OCoLC)fst00902773 
650 7 |a Educational sociology.  |2 fast  |0 (OCoLC)fst00903596 
651 7 |a Taiwan.  |2 fast  |0 (OCoLC)fst01207854 
655 0 |a Electronic journals. 
710 2 |6 880-06  |a Taiwan jiao yu she hui xue xue hui. 
776 0 8 |i Print version:  |t Taiwan jiao yu she hui xue yan jiu  |x 1680-2004  |w (DLC) 2008203010  |w (OCoLC)51321198 
856 4 0 |z Full text available from Research Library: 06/01/2015 to present  |u https://search.proquest.com/publication/2043108 
880 0 0 |6 245-01/$1  |a 臺灣教育社會學硏究. 
880 1 |6 264-02/$1  |a 臺北 :  |b 臺灣教育社會學學會,  |c [2001]- 
880 |6 515-03/$1  |a 第1卷第1期 (民90年6月 [June 2001]) called also 創刊號. 
880 |6 588-04/$1  |a Description based on: 第1卷第1期 (民90年6月 [June 2001]); title from journal cover image (國家圖書館期刊文獻資訊網, viewed May 9, 2018). 
880 |6 588-05/$1  |a Latest issue consulted: 第十七卷第二期 (Dec. 2017) (publisher's Web site, viewed May 9, 2018). 
880 2 |6 710-06/$1  |a 臺灣教育社會學學會,  |e issuing body.